El Principio de legalidad en la normativa ecológica /

Сохранить в:
Библиографические подробности
Главный автор: Alvarado Vargas, Eddie
Формат: Текст
Предметы:
Метки: Добавить метку
Нет меток, Требуется 1-ая метка записи!

MARC

LEADER 00000 a a2200000 04500
001 17176
003
040 |a CRAI/IIS  |c CRAI/IIS 
100 |a Alvarado Vargas, Eddie  
245 |a El Principio de legalidad en la normativa ecológica /  |c Eddie Alvarado Vargas 
650 |a LEGISLACION  
650 |a LEGISLACION AMBIENTAL  
650 |a POLITICA AMBIENTAL  
650 |a ECOLOGIA  
650 |a RECURSOS PROTEGIDOS  
773 |g volumen 8, número 3; páginas 225-235  
999 |c 20034  |d 20034